| 000 | 00832nam a2200241 i 4500 | ||
|---|---|---|---|
| 001 | bg | ||
| 100 | 1 | _aBALCEROWICZ-SZKUTNIK, Maria | |
| 245 | 1 | 0 |
_aPodstawy statystyki w przykładach i zadaniach : _bstatystyka opisowa i elementy wnioskowania statystycznego / _cMaria Balcerowicz-Szkutnik ; Wyższa Szkoła Ekonomii i Administracji w Bytomiu. |
| 260 |
_aBytom : _bWSEiA, _c2004. |
||
| 300 |
_a126 s. : _btab., wykr. ; _c24 cm. |
||
| 504 | _aBibliogr. s. 126. | ||
| 650 | 9 | _aStatystyka | |
| 655 | _aĆwiczenia i zadania dla szkół wyższych | ||
| 710 | 0 | _aWyższa Szkoła Ekonomii i Administracji (Bytom) | |
| 015 | _aPB 19861/2004 | ||
| 020 | _a8388587862 | ||
| 040 | _cBPK | ||
| 041 | 0 | _apol | |
| 080 | _a311:519.2](075.8)(076) | ||
| 920 | _a83-88587-86-2 | ||
| 942 | _cKS | ||
| 008 | s pl f |000 0 pol | ||
| 999 |
_c51244 _d51244 |
||
| 856 |
_uhttp://koha.tu.koszalin.pl/cgi-bin/koha/opac-detail.pl?biblionumber=51244 _yKatalog online BPK |
||